000 00298 a2200121 4500
999 _c321878
_d321878
001 86805
003 NUST
005 20180120154216.0
008 180120b xxu||||| |||| 00| 0 eng d
082 _a891.4392 UMA
100 _aUmaira Ahmed
_9743
245 _aQaid Tanhai
_hUrdu
_cumera ahmed
260 _aLahore
_bIlm-o-Irfan Publishers
_c2011
300 _a520p.
942 _aCAE NUST
_cBK
_k891.4392 UMA
_2ddc